000 01717cam a22004694i 4500
003 PE-LiUPU
005 20250731172945.0
008 150623s1997 tnu rb 000 0 eng d
020 _a0687057221
035 _a(Sirsi) i9780687057221
040 _aPE-LiUPU
_bspa
_cPE-LiUPU
_erda
049 _aPRUA
082 0 4 _a227.940 77
_bR41
_221
100 1 _aRensberger, David,
_eautor.
245 1 0 _a1 John, 2 John, 3 John /
_cDavid Rensberger.
264 1 _aNashville :
_bAbingdon Press,
_c1997.
300 _a174 páginas ;
_c23 centímetros.
336 _atext
_2rdacontent
337 _aunmediated
_2rdamedia
338 _avolume
_2rdacarrier
490 1 _aAbingdon New Testament Commentaries
504 _aIncluye bibliografía.
505 0 _aAuthorship -- Historical settings and purposes -- Literary characteristics -- Theological Issues -- God in the Epistles -- Other theological topics -- Commentary: 1 John -- Commentary: 2 John -- Commentary: 3 John.
526 _aSEG42
526 _aSEG41
526 _aSEG40
526 _aSEG39
526 _aP94
526 _aP87
526 _aP86
526 _aP85
526 _aP77
526 _aP76
526 _aP35
630 _aBiblia.
_pN.T.
_pEpístolas de Juan
_xComentarios.
942 _2ddc
_cBOOK
949 _a227.940 77 R41
_wDEWEY
_c1
_i44719
_lCCODEBUL1
_mBUL
_r0
_sY
_tBOOK
_u2015-6-24
_xTEOLOGIA
_PP35
_0COMPRA
_o.STAFF. Colección Teología
994 _aC0
_bPEPRU
596 _a1
999 _a227.940 77 R41
_wDEWEY
_c21584
_i44719
_d21584
_f2021-11-9
_g5
_lCCODEBUL1
_mBUL
_p25.00
_q1
_r0
_sY
_tBOOK
_u2015-6-24
_xTEOLOGIA
_PP35
_0COMPRA
_o.STAFF. Colección Teología
980 _81
_gALBERTO SANCHEZ Responsable de Automatización